Statistics for Members of Bigbang

Click here to take the quiz!

General Stats

  • This quiz has been taken 22 times
  • The average score is 4 of 5

Answer Stats

Answer% Correct
G-Dragon
90%
T.O.P
90%
Taeyang
75%
Daesung
65%
Seungri
60%

Score Distribution

Percentile by Number Answered

Percent of People with Each Score

Your Score History

You have not taken this quiz